000
00278nam a2200121 i 4500
001
bg
245
0
_a
Who's who in science in Europe.
_n
Vol. [1],
_p
A-G.
260
_a
London,
_c
1984.
040
_c
BPK
041
_a
pol
942
_c
KS
008
s pl f |000 0 pol
999
_c
28265
_d
28265